000 00756nam a22001577a 4500
005 20260512103147.0
008 260512b |||||||| |||| 00| 0 eng d
050 _aTHE LB 2825 .K4 M33 2025
_bC.1
100 _aMachanja, Patrick
245 _aRole of Parents Association on Funding of Educational Resources in Public Secondary Schools in Bungoma East Sub-County, Bungoma County
260 _aKisii
_bKisii University
_c2025
300 _axvi, 138p.:ill.
500 _aIncludes bibliographical references
650 _a1. Parents Associations - Kenya - Bungoma County. 2. School management and organization - Kenya - Secondary schools. 3. School boards - Kenya - Role of parents. 4. Public schools - Kenya - Funding and expenditures.
942 _2lcc
_cREF
999 _c217108
_d217108